| 000 | 00786nam a2200253 a 4500 | ||
|---|---|---|---|
| 003 | MX-MxUPN | ||
| 005 | 20240828113410.0 | ||
| 008 | 991125s1940 mx a fr 000 0 spa d | ||
| 035 | _aUPN01000001162 | ||
| 040 |
_aUPN _bspa _cUPN |
||
| 049 | _aCE | ||
| 050 | 4 |
_aLB2000 _bA33 1940 |
|
| 245 | 0 | 0 |
_aAgenda del maestro : _baño de 1940 |
| 260 |
_aMéxico, D.F. : _bLa Pluma Fuente, _c1940. |
||
| 300 |
_a388 páginas : _bilustraciones |
||
| 520 | _aDisponible en la Colección Medina | ||
| 650 | 4 |
_aMaestros _zMéxico _9830 |
|
| 700 | 1 |
_aRubio Villagrán, J. _eedición _953281 |
|
| 700 | 1 |
_aBermudez, R. D. _eedición _953289 |
|
| 710 | 2 |
_951335 _aMuseo Pedagógico Nacional (México) _epropietario anterior |
|
| 902 | _bMaríaRobles/280824 | ||
| 905 | _aLibro | ||
| 942 |
_2lcc _cLIBRO _n0 |
||
| 999 |
_c1162 _d1162 |
||